[Event "13MCR_F"]
[Site "?"]
[Date "1999.??.??"]
[Round "?"]
[White "Sykora, Josef"]
[Black "Tichy, Josef"]
[Result "1-0"]
[WhiteElo "2335"]
[BlackElo "2335"]
[PlyCount "75"]
[EventDate "1999.??.??"]
[EventType "corr"]
[Source "Chess Mail Ltd"]
[SourceDate "2005.07.27"]

1. d4 Nf6 2. c4 e6 3. Nf3 b6 4. g3 Ba6 5. Nbd2 Bb4 6. Qc2 Bb7 7. Bg2 c5 8. dxc5
Bxc5 9. O-O Be7 10. b3 d6 11. Bb2 Nbd7 12. Nd4 Bxg2 13. Kxg2 Qc7 14. e4 Qb7 15.
Rae1 O-O 16. h3 Rfe8 17. f4 Rac8 18. Qd1 Nc5 19. Qf3 a6 20. Re3 Bf8 21. Rfe1
Red8 22. Kh2 Rc7 23. Qe2 Rcd7 24. N4f3 Be7 25. Ba1 Ne8 26. b4 Na4 27. Nd4 Bf6
28. N2f3 Rb8 29. Ra3 b5 30. cxb5 axb5 31. Nxb5 Bxa1 32. Rxa4 Bf6 33. Ra7 Qc8
34. Rxd7 Qxd7 35. a4 Qb7 36. Qd3 Be7 37. Nfd4 Nf6 38. Rc1 1-0

[Event "13MCR_F"]
[Site "?"]
[Date "1999.??.??"]
[Round "?"]
[White "Sykora, Josef"]
[Black "Vinklarek, Vlastimil"]
[Result "1/2-1/2"]
[WhiteElo "2335"]
[BlackElo "2225"]
[PlyCount "112"]
[EventDate "1999.??.??"]
[EventType "corr"]
[Source "Chess Mail Ltd"]
[SourceDate "2005.07.27"]

1. d4 Nf6 2. c4 e6 3. Nf3 b6 4. g3 Ba6 5. Nbd2 d5 6. Bg2 dxc4 7. Ne5 Nd5 8.
Nexc4 Be7 9. O-O O-O 10. b3 c5 11. dxc5 Bxc5 12. Bb2 Nc6 13. Rc1 Rc8 14. Ne4
Be7 15. Qd2 Bxc4 16. Rxc4 b5 17. Rcc1 Qb6 18. a3 b4 19. axb4 Ndxb4 20. Qc3 e5
21. Qf3 Nd4 22. Bxd4 exd4 23. Nd2 Na2 24. Rxc8 Rxc8 25. Nc4 Qe6 26. Qd3 Nc3 27.
Bf3 Bf6 28. Ra1 Rc7 29. Kg2 h6 30. Ra5 Re7 31. Rc5 Ne4 32. Bxe4 Qxe4+ 33. Qxe4
Rxe4 34. Kf3 Re7 35. b4 Rb7 36. b5 Kh7 37. Ke4 Kg6 38. Ne5+ Bxe5 39. Rxe5 Rd7
40. Rd5 Re7+ 41. Kd3 Re6 42. Rxd4 a6 43. bxa6 Rxa6 44. e4 Ra3+ 45. Ke2 Kf6 46.
Rd3 Ra1 47. f4 Ra2+ 48. Rd2 Ra3 49. Kf2 h5 50. Rb2 g6 51. Kg2 Ra4 52. Rb6+ Ke7
53. e5 Ra2+ 54. Kh3 Rf2 55. Rb1 Ke6 56. Rg1 f6 1/2-1/2

[Event "13MCR_F"]
[Site "?"]
[Date "1999.??.??"]
[Round "?"]
[White "Jerabek, Petr"]
[Black "Kadlec, Antonin"]
[Result "0-1"]
[WhiteElo "2280"]
[BlackElo "2320"]
[PlyCount "94"]
[EventDate "1999.??.??"]
[EventType "corr"]
[Source "Chess Mail Ltd"]
[SourceDate "2005.07.27"]

1. d4 Nf6 2. c4 e6 3. Nf3 b6 4. g3 Ba6 5. Nbd2 Bb7 6. Bg2 Be7 7. O-O O-O 8. Qc2
d5 9. cxd5 exd5 10. Ne5 c5 11. dxc5 bxc5 12. Ndc4 h6 13. Rd1 Na6 14. a3 Rb8 15.
e4 d4 16. Bf4 Nh5 17. Bd2 Qc8 18. f4 Nf6 19. Rac1 Ba8 20. Qd3 Ne8 21. Bf3 Nf6
22. b4 Qb7 23. Na5 Qb6 24. Be2 Nc7 25. bxc5 Bxc5 26. Rb1 Bxe4 27. Rxb6 axb6 28.
Qc4 d3+ 29. Kf1 dxe2+ 30. Kxe2 Ra8 31. Bb4 Bd5 32. Qc1 Bxb4 33. axb4 bxa5 34.
bxa5 Nb5 35. Qa1 Rfc8 36. Ke1 Rc2 37. Rd2 Rxd2 38. Kxd2 Ne4+ 39. Ke1 Rc8 40.
Qb2 Rc3 41. Qxb5 Rc1+ 42. Ke2 Nc3+ 43. Kd2 Nxb5 44. Kxc1 Kf8 45. Kd2 Ke7 46.
Ke3 Kd6 47. g4 Na7 0-1

[Event "13MCR_F"]
[Site "?"]
[Date "1999.??.??"]
[Round "?"]
[White "Hlavacek, Robert"]
[Black "Tichy, Josef"]
[Result "1-0"]
[WhiteElo "2250"]
[BlackElo "2335"]
[PlyCount "57"]
[EventDate "1999.??.??"]
[EventType "corr"]
[Source "Chess Mail Ltd"]
[SourceDate "2005.07.27"]

1. d4 Nf6 2. c4 e6 3. Nc3 Bb4 4. f3 c5 5. d5 Bxc3+ 6. bxc3 Qa5 7. Bd2 d6 8. e4
O-O 9. Ne2 Re8 10. Ng3 Nbd7 11. Be2 b6 12. O-O Ba6 13. f4 Re7 14. Re1 Rd8 15.
Bd3 Nf8 16. Qc2 Rc7 17. a4 Bc8 18. e5 Ne8 19. dxe6 fxe6 20. Ne4 h6 21. Re3 Rf7
22. Rg3 Nd7 23. Nf2 dxe5 24. Ng4 e4 25. Nxh6+ Kf8 26. Nxf7 exd3 27. Qxd3 Kxf7
28. f5 Nc7 29. Qd6 1-0

[Event "13MCR_F"]
[Site "?"]
[Date "1999.??.??"]
[Round "?"]
[White "Svoboda, Frantisek"]
[Black "Tichy, Josef"]
[Result "1/2-1/2"]
[WhiteElo "2445"]
[BlackElo "2335"]
[PlyCount "69"]
[EventDate "1999.??.??"]
[EventType "corr"]
[Source "Chess Mail Ltd"]
[SourceDate "2005.07.27"]

1. d4 Nf6 2. c4 e6 3. Nc3 Bb4 4. Qc2 d5 5. cxd5 exd5 6. Bg5 h6 7. Bh4 c5 8.
dxc5 Nc6 9. e3 g5 10. Bg3 Qa5 11. Nge2 Ne4 12. a3 Bf5 13. Qc1 Bxc3+ 14. Nxc3
Qxc5 15. Nxe4 Qxc1+ 16. Rxc1 dxe4 17. Bb5 Ke7 18. Ke2 Bd7 19. Rhd1 Rac8 20.
Bd6+ Kf6 21. Bc5 Rhd8 22. Rd6+ Kg7 23. Bxc6 Bxc6 24. Rxd8 Rxd8 25. Bxa7 Kf6 26.
Bd4+ Ke6 27. Kd2 h5 28. b3 Rd5 29. a4 Rf5 30. Ke1 g4 31. Bb6 Rd5 32. a5 Kd7 33.
b4 Kd6 34. Bd4 Kd7 35. Bb6 1/2-1/2

[Event "13MCR_F"]
[Site "?"]
[Date "1999.??.??"]
[Round "?"]
[White "Vavrla, Zdenek"]
[Black "Vinklarek, Vlastimil"]
[Result "1/2-1/2"]
[WhiteElo "2480"]
[BlackElo "2225"]
[PlyCount "98"]
[EventDate "1999.??.??"]
[EventType "corr"]
[Source "Chess Mail Ltd"]
[SourceDate "2005.07.27"]

1. d4 Nf6 2. c4 e6 3. Nc3 Bb4 4. e3 O-O 5. Bd3 d5 6. Nf3 b6 7. O-O Ba6 8. Qe2
Bxc4 9. Bxc4 dxc4 10. Qxc4 c5 11. dxc5 Bxc5 12. Rd1 Qe7 13. b3 Nbd7 14. Bb2
Rfc8 15. Qa6 Bb4 16. Rac1 Nc5 17. Qe2 Bxc3 18. Rxc3 Nce4 19. Rc2 Ng4 20. Ne5
Ngxf2 21. Rf1 Rxc2 22. Qxc2 Qd8 23. Nxf7 Qe7 24. Ne5 Rf8 25. Qe2 Qe8 26. Nf3
Ng4 27. Qd3 Nc5 28. Qd4 Nf6 29. Ne5 Qb5 30. Ng4 Nce4 31. Nxf6+ Nxf6 32. Qd6
Qxf1+ 33. Kxf1 Ne4+ 34. Qxf8+ Kxf8 35. Ke2 Kf7 36. Kd3 Nc5+ 37. Kc4 a6 38. h3
Nb7 39. Kd4 Nc5 40. e4 Kf6 41. Bc3 h6 42. h4 Nd7 43. g4 Kg6 44. Bd2 h5 45. g5
Kf7 46. Bf4 g6 47. Bc7 Ke7 48. a4 Ke8 49. Bd6 Kd8 1/2-1/2

[Event "13MCR_F"]
[Site "?"]
[Date "1999.??.??"]
[Round "?"]
[White "Viktora, Zdenek"]
[Black "Tichy, Josef"]
[Result "1-0"]
[WhiteElo "2300"]
[BlackElo "2335"]
[PlyCount "133"]
[EventDate "1999.??.??"]
[EventType "corr"]
[Source "Chess Mail Ltd"]
[SourceDate "2005.07.27"]

1. c4 Nf6 2. Nf3 e6 3. d4 b6 4. e3 Bb7 5. Bd3 d5 6. cxd5 exd5 7. O-O Bd6 8. Nc3
O-O 9. Bd2 Nbd7 10. Nb5 Be7 11. Rc1 c5 12. dxc5 bxc5 13. Qe1 Ba6 14. b3 Qb8 15.
a4 Nb6 16. Bc3 c4 17. Be5 Qb7 18. Be2 Bxb5 19. axb5 Nfd7 20. Bd4 Rfc8 21. Qc3
Bf8 22. Rfd1 a6 23. bxa6 Qxa6 24. Nd2 Qa3 25. Ra1 Qb4 26. Rxa8 Rxa8 27. bxc4
Qxc3 28. Bxc3 Rc8 29. Rc1 dxc4 30. Bd4 Nc5 31. Rc2 Rd8 32. h3 Nbd7 33. Nxc4 Ne6
34. Bb2 Ndc5 35. Ne5 Na4 36. Nc6 Ra8 37. Be5 Nb6 38. Nd4 Nc5 39. Nb5 Nbd7 40.
Bc3 Ne6 41. Nd4 Nec5 42. Nc6 Bd6 43. Bc4 Rc8 44. Na7 Ra8 45. Nb5 Bf8 46. f3 Rc8
47. Bd4 Ra8 48. Kh1 Re8 49. e4 Ne6 50. Ba7 Nf6 51. Ba2 Rd8 52. Rc6 Re8 53. Kh2
Nd7 54. Be3 Ne5 55. Rb6 Nd7 56. Rb7 Rb8 57. Rxd7 Rxb5 58. f4 g6 59. Bd5 Bh6 60.
Kg3 Ra5 61. Kf3 Ra3 62. g3 Rc3 63. Ke2 Rc2+ 64. Bd2 Rb2 65. h4 Rc2 66. Kd1 Rb2
67. Bc4 1-0

[Event "13MCR_F"]
[Site "?"]
[Date "1999.??.??"]
[Round "?"]
[White "Vavrla, Zdenek"]
[Black "Tichy, Josef"]
[Result "1-0"]
[WhiteElo "2480"]
[BlackElo "2325"]
[PlyCount "53"]
[EventDate "1999.??.??"]
[EventType "corr"]
[Source "Chess Mail Ltd"]
[SourceDate "2005.07.27"]

1. d4 Nf6 2. c4 e6 3. Nc3 Bb4 4. e3 O-O 5. Bd3 d5 6. Nf3 c5 7. O-O Nc6 8. a3
Bxc3 9. bxc3 Qc7 10. cxd5 exd5 11. a4 Re8 12. Ba3 c4 13. Bc2 Ne4 14. Bxe4 Rxe4
15. Nd2 Re8 16. e4 dxe4 17. Re1 f5 18. f3 Qa5 19. Qc2 Qd5 20. Re3 Bd7 21. fxe4
fxe4 22. Rae1 Bf5 23. Qb1 Rad8 24. Qxb7 Rb8 25. Qa6 Na5 26. Qxa7 Nb3 27. Nxe4
1-0

[Event "13MCR_F"]
[Site "?"]
[Date "1999.??.??"]
[Round "?"]
[White "Viktora, Zdenek"]
[Black "Boukal, Petr"]
[Result "0-1"]
[WhiteElo "2300"]
[BlackElo "2460"]
[PlyCount "95"]
[EventDate "1999.??.??"]
[EventType "corr"]
[Source "Chess Mail Ltd"]
[SourceDate "2005.07.27"]

1. c4 Nf6 2. Nf3 g6 3. d4 Bg7 4. Nc3 O-O 5. e3 d6 6. Be2 Nbd7 7. O-O e5 8. b3
Re8 9. Re1 e4 10. Nd2 Nf8 11. Qc2 Bf5 12. Nf1 Qe7 13. Ng3 Bd7 14. Ba3 c6 15.
Rad1 h5 16. h3 h4 17. Nf1 Bf5 18. Nh2 Qd7 19. Ng4 Bxg4 20. hxg4 N8h7 21. d5 c5
22. b4 b6 23. Qa4 Qe7 24. bxc5 bxc5 25. Qa6 Nd7 26. Nb5 Nb6 27. Qa5 Be5 28. Rb1
Ng5 29. Bb2 Bxb2 30. Rxb2 h3 31. Reb1 hxg2 32. Kxg2 Nf3 33. Rh1 Qd7 34. Kg3 Ne5
35. Rc2 f5 36. Rh4 Kg7 37. gxf5 Rf8 38. Qe1 Rxf5 39. Kg2 Rg5+ 40. Kf1 Rh8 41.
Rxh8 Kxh8 42. Qc3 Kg8 43. Ke1 Rg1+ 44. Kd2 Qf5 45. Rc1 Nbxc4+ 46. Kc2 Rg2 47.
Kb1 Qxf2 48. Bxc4 0-1

[Event "13MCR_F"]
[Site "?"]
[Date "1999.??.??"]
[Round "?"]
[White "Viktora, Zdenek"]
[Black "Jerabek, Petr"]
[Result "0-1"]
[WhiteElo "2300"]
[BlackElo "2280"]
[PlyCount "128"]
[EventDate "1999.??.??"]
[EventType "corr"]
[Source "Chess Mail Ltd"]
[SourceDate "2005.07.27"]

1. c4 Nf6 2. Nf3 g6 3. d4 Bg7 4. Nc3 O-O 5. Bg5 c5 6. e3 cxd4 7. exd4 d5 8. Be2
Ne4 9. Bf4 Nxc3 10. bxc3 dxc4 11. Bxc4 Bg4 12. O-O Qc8 13. Qd3 Bxf3 14. gxf3
Nc6 15. Rfe1 Rd8 16. Bb3 e6 17. Rab1 a6 18. Bg5 Rd7 19. f4 Na5 20. Bd1 Qc7 21.
f5 exf5 22. Qf3 Rc8 23. Bf4 Qd8 24. Qd3 Re7 25. Bf3 b5 26. Bg2 Nc4 27. Rxe7
Qxe7 28. a4 Na3 29. Ra1 Bf8 30. axb5 axb5 31. Rc1 Nc4 32. Rb1 Qd7 33. Re1 Re8
34. Rxe8 Qxe8 35. Bd5 Bd6 36. Bxd6 Nxd6 37. Kh1 Kg7 38. Kg2 h6 39. Qg3 Qe7 40.
Bc6 Ne4 41. Qe3 Qg5+ 42. Qxg5 hxg5 43. Bxb5 Nxc3 44. Bc4 Ne4 45. Ba2 Nd6 46.
Kf3 g4+ 47. Ke3 g5 48. Kd3 f4 49. Bb3 f5 50. Bd5 Kg6 51. Bc6 Kh5 52. Ke2 Kh4
53. Kf1 g3 54. Kg2 gxf2 55. Kxf2 g4 56. Bg2 f3 57. Bxf3 gxf3 58. Kxf3 Kg5 59.
d5 f4 60. h4+ Kf5 61. h5 Nf7 62. Ke2 Ke4 63. d6 Nxd6 64. h6 Nf7 0-1

[Event "13MCR_F"]
[Site "?"]
[Date "1999.??.??"]
[Round "?"]
[White "Viktora, Zdenek"]
[Black "Masek, Jan"]
[Result "0-1"]
[WhiteElo "2300"]
[BlackElo "2280"]
[PlyCount "134"]
[EventDate "1999.??.??"]
[EventType "corr"]
[Source "Chess Mail Ltd"]
[SourceDate "2005.07.27"]

1. c4 Nf6 2. Nf3 g6 3. d4 Bg7 4. Nc3 O-O 5. e3 d6 6. Be2 Nbd7 7. O-O e5 8. b3
Re8 9. Re1 e4 10. Nd2 Nf8 11. Qc2 Bf5 12. Nf1 g5 13. Ng3 Bg6 14. Ba3 h5 15. Qd1
g4 16. Rc1 N8h7 17. Bf1 Ng5 18. Nge2 h4 19. Nf4 h3 20. Nxg6 fxg6 21. Qc2 hxg2
22. Bxg2 Nf3+ 23. Kf1 Nxe1 24. Rxe1 Qe7 25. Ke2 Qe6 26. Kd1 c6 27. Rg1 d5 28.
Bf1 Qf5 29. Kc1 Bf8 30. Bxf8 Rxf8 31. Rg2 Qf3 32. Rg1 Kg7 33. Kb1 Rh8 34. Rg3
Qh1 35. Qe2 Rxh2 36. cxd5 cxd5 37. Nd1 a6 38. Kc1 Rah8 39. Qe1 R8h3 40. Qc3
Qxf1 41. Qc7+ Kf8 42. Qd6+ Kf7 43. Qc7+ Ke6 44. Qe5+ Kd7 45. Rxh3 Rxh3 46. Qxf6
Qb5 47. Qf7+ Kc8 48. Qf8+ Kc7 49. Qf4+ Kb6 50. Qxg4 Qc6+ 51. Kb2 Rh7 52. Qe2
Rc7 53. Qd2 g5 54. Nc3 Ka7 55. Qe1 g4 56. Qd2 Rf7 57. Qe1 Qf6 58. Nd1 Qf3 59.
Qd2 g3 60. fxg3 Qxg3 61. Qc3 Kb8 62. Qd2 Rf1 63. Kc2 Qf3 64. a4 Ka8 65. Kc1 Rg1
66. b4 Ka7 67. b5 Rxd1+ 0-1

[Event "13MCR_F"]
[Site "?"]
[Date "1999.??.??"]
[Round "?"]
[White "Kadlec, Antonin"]
[Black "Kostal, Jindrich"]
[Result "1/2-1/2"]
[WhiteElo "2320"]
[BlackElo "2280"]
[PlyCount "70"]
[EventDate "1999.??.??"]
[EventType "corr"]
[Source "Chess Mail Ltd"]
[SourceDate "2005.07.27"]

1. d4 Nf6 2. Nf3 g6 3. g3 Bg7 4. Bg2 O-O 5. O-O d6 6. c4 Nbd7 7. Nc3 e5 8. e4
c6 9. h3 Re8 10. Re1 a5 11. Be3 exd4 12. Nxd4 a4 13. Qc2 Nb6 14. b3 Nfd7 15.
Rad1 Qc7 16. f4 h6 17. Ndb5 cxb5 18. Nxb5 axb3 19. axb3 Qb8 20. Nxd6 Re6 21. c5
Nf8 22. f5 Rxd6 23. cxd6 Nbd7 24. Qc7 g5 25. Qxb8 Nxb8 26. Bd4 Nc6 27. Bxg7
Kxg7 28. Ra1 Rxa1 29. Rxa1 Nd7 30. b4 Nb6 31. Rc1 Bd7 32. Rc5 Na4 33. Rc4 b5
34. Rc2 Ne5 35. Bf1 f6 1/2-1/2

[Event "13MCR_F"]
[Site "?"]
[Date "1999.??.??"]
[Round "?"]
[White "Sykora, Josef"]
[Black "Kostal, Jindrich"]
[Result "1-0"]
[WhiteElo "2335"]
[BlackElo "2280"]
[PlyCount "115"]
[EventDate "1999.??.??"]
[EventType "corr"]
[Source "Chess Mail Ltd"]
[SourceDate "2005.07.27"]

1. d4 Nf6 2. Nf3 g6 3. c4 Bg7 4. g3 O-O 5. Bg2 d6 6. O-O Nbd7 7. Nc3 e5 8. h3
c6 9. e4 Re8 10. Re1 a5 11. b3 exd4 12. Nxd4 Nc5 13. Rb1 Qc7 14. Re2 Bd7 15. a3
Rad8 16. b4 Ne6 17. Nf3 axb4 18. axb4 Ng4 19. hxg4 Bxc3 20. g5 c5 21. b5 Nd4
22. Re3 Qa5 23. Nd2 Be6 24. Bf1 Ra8 25. Nb3 Qa2 26. Rxc3 Qxb1 27. Nxd4 cxd4 28.
Qxd4 Qa1 29. Kg2 Bg4 30. Qd3 Rxe4 31. Qxe4 Qxc3 32. Be3 Bf5 33. Qxb7 Re8 34.
Kh2 Qe5 35. b6 Be4 36. Qc7 Qf5 37. Bg2 Bxg2 38. Kxg2 Qe4+ 39. Kh2 Qe7 40. Qc6
Rb8 41. Bf4 Qb7 42. Qxd6 Re8 43. c5 Qf3 44. Be3 f5 45. Qd3 Qc6 46. Qb3+ Kf8 47.
Qb2 Kg8 48. Qf6 Re6 49. Qxe6+ Qxe6 50. b7 Qe5 51. c6 Kf7 52. Ba7 f4 53. b8=Q
fxg3+ 54. Kg2 Qd5+ 55. f3 Qxc6 56. Kxg3 Qd7 57. Qf4+ Ke8 58. Qe4+ 1-0

[Event "13MCR_F"]
[Site "?"]
[Date "1999.??.??"]
[Round "?"]
[White "Vavrla, Zdenek"]
[Black "Boukal, Petr"]
[Result "1-0"]
[WhiteElo "2480"]
[BlackElo "2460"]
[PlyCount "83"]
[EventDate "1999.??.??"]
[EventType "corr"]
[Source "Chess Mail Ltd"]
[SourceDate "2005.07.27"]

1. d4 Nf6 2. c4 g6 3. Nc3 Bg7 4. e4 d6 5. h3 O-O 6. Bg5 c5 7. d5 e6 8. Bd3 exd5
9. cxd5 h6 10. Be3 Re8 11. Nf3 b6 12. O-O Ba6 13. a4 Qe7 14. Re1 Bxd3 15. Qxd3
a6 16. Bf4 Nbd7 17. Bh2 Nh7 18. Nd2 Ne5 19. Bxe5 Bxe5 20. Nc4 Bxc3 21. bxc3 b5
22. Na5 Nf6 23. Nc6 Qb7 24. Rab1 c4 25. Qc2 Rac8 26. axb5 axb5 27. f3 Qb6+ 28.
Qf2 Qb7 29. Re2 Nd7 30. Reb2 Ne5 31. Rxb5 Qd7 32. Rb7 Rc7 33. Nxe5 dxe5 34. Qa7
Rec8 35. Rxc7 Rxc7 36. Rb8+ Kg7 37. Qa8 Qd6 38. Rh8 Kf6 39. h4 Qb6+ 40. Kh2 Ra7
41. Qg8 Ra1 42. Rxh6 1-0

[Event "13MCR_F"]
[Site "?"]
[Date "1999.??.??"]
[Round "?"]
[White "Vavrla, Zdenek"]
[Black "Kostal, Jindrich"]
[Result "1/2-1/2"]
[WhiteElo "2480"]
[BlackElo "2280"]
[PlyCount "50"]
[EventDate "1999.??.??"]
[EventType "corr"]
[Source "Chess Mail Ltd"]
[SourceDate "2005.07.27"]

1. d4 Nf6 2. c4 g6 3. Nc3 Bg7 4. e4 d6 5. h3 Nbd7 6. Be3 e5 7. d5 Nc5 8. Qc2
O-O 9. b4 Na6 10. a3 c5 11. dxc6 bxc6 12. Rd1 Qc7 13. Nf3 Rd8 14. Be2 Bb7 15.
O-O d5 16. exd5 cxd5 17. Nb5 Qb8 18. c5 Nc7 19. Nd6 Nfe8 20. Nxb7 Qxb7 21. c6
Qb8 22. Qb3 Nd6 23. Bg5 Re8 24. Rc1 h6 25. Be3 d4 1/2-1/2

[Event "13MCR_F"]
[Site "?"]
[Date "1999.??.??"]
[Round "?"]
[White "Vavrla, Zdenek"]
[Black "Milos, Vladislav"]
[Result "1/2-1/2"]
[WhiteElo "2480"]
[BlackElo "2270"]
[PlyCount "68"]
[EventDate "1999.??.??"]
[EventType "corr"]
[Source "Chess Mail Ltd"]
[SourceDate "2005.07.27"]

1. d4 Nf6 2. c4 g6 3. Nc3 Bg7 4. e4 d6 5. h3 O-O 6. Bg5 Nbd7 7. Nf3 h6 8. Be3
e5 9. d5 Nc5 10. Nd2 Ne8 11. b4 Nxe4 12. Ndxe4 f5 13. Bd3 fxe4 14. Bxe4 Qf6 15.
O-O Kh7 16. Rc1 a5 17. b5 Bf5 18. f3 b6 19. Qe1 Qd8 20. Ne2 Bh8 21. Qd2 Qh4 22.
Bxf5 gxf5 23. Bf2 Qf6 24. Ng3 Ng7 25. Kh1 Qg6 26. Qc2 Nh5 27. Ne2 Rg8 28. Rg1
Raf8 29. Rcd1 f4 30. Qxg6+ Rxg6 31. Nc3 Ng3+ 32. Bxg3 Rxg3 33. Ne4 Rg6 34. Rge1
Rfg8 1/2-1/2

[Event "13MCR_F"]
[Site "?"]
[Date "1999.??.??"]
[Round "?"]
[White "Jerabek, Petr"]
[Black "Kostal, Jindrich"]
[Result "1/2-1/2"]
[WhiteElo "2280"]
[BlackElo "2280"]
[PlyCount "82"]
[EventDate "1999.??.??"]
[EventType "corr"]
[Source "Chess Mail Ltd"]
[SourceDate "2005.07.27"]

1. d4 Nf6 2. c4 g6 3. Nc3 Bg7 4. e4 d6 5. Nf3 O-O 6. Be2 e5 7. O-O Nc6 8. d5
Ne7 9. b4 Nh5 10. Re1 f5 11. Ng5 Nf4 12. Bxf4 exf4 13. Rc1 Bf6 14. Ne6 Bxe6 15.
dxe6 Bxc3 16. Rxc3 fxe4 17. Bf1 a5 18. b5 e3 19. fxe3 fxe3 20. Rcxe3 c6 21.
bxc6 bxc6 22. Rb3 Rb8 23. Be2 d5 24. cxd5 cxd5 25. Bf3 Rxb3 26. Qxb3 Qd6 27.
Qb5 Qb4 28. Qxb4 axb4 29. Rd1 Kg7 30. Rd4 Rf6 31. Rxb4 Rxe6 32. Kf2 Ra6 33. a4
Kf6 34. Be2 Ra5 35. Rb6+ Ke5 36. Ra6 Rc5 37. Ra7 Nf5 38. Bd3 h5 39. a5 Rc3 40.
Bxf5 Kxf5 41. a6 Rc2+ 1/2-1/2

[Event "13MCR_F"]
[Site "?"]
[Date "1999.??.??"]
[Round "?"]
[White "Svoboda, Frantisek"]
[Black "Milos, Vladislav"]
[Result "1/2-1/2"]
[WhiteElo "2445"]
[BlackElo "2270"]
[PlyCount "96"]
[EventDate "1999.??.??"]
[EventType "corr"]
[Source "Chess Mail Ltd"]
[SourceDate "2005.07.27"]

1. d4 Nf6 2. c4 g6 3. Nc3 Bg7 4. e4 O-O 5. Nf3 d6 6. Be2 e5 7. O-O Nc6 8. d5
Ne7 9. Nd2 a5 10. b3 b6 11. Nf3 Nd7 12. a3 f5 13. exf5 Nxf5 14. Bd3 Nc5 15. Ne4
Nxd3 16. Qxd3 h6 17. Ra2 Nh4 18. Nxh4 Qxh4 19. Ng3 Bf5 20. Nxf5 Rxf5 21. Re2
Raf8 22. f3 Kh7 23. Re4 Qe7 24. Bd2 Qd7 25. Rfe1 Qc8 26. Rh4 Qd8 27. Rh3 Qf6
28. Kf2 Qd8 29. Re4 Qe7 30. g4 R5f7 31. g5 Qd7 32. Reh4 Qf5 33. Qxf5 Rxf5 34.
gxh6 Bf6 35. Rg4 Rh5 36. Rxh5 gxh5 37. Re4 Be7 38. c5 bxc5 39. Bxa5 Ra8 40. Ra4
Rb8 41. b4 Ra8 42. Ke2 cxb4 43. axb4 Kxh6 44. Ra1 Ra7 45. Rg1 Bg5 46. Kd3 h4
47. Ke4 Kg6 48. Rg2 Rb7 1/2-1/2

[Event "13MCR_F"]
[Site "?"]
[Date "1999.??.??"]
[Round "?"]
[White "Vinklarek, Vlastimil"]
[Black "Boukal, Petr"]
[Result "1/2-1/2"]
[WhiteElo "2225"]
[BlackElo "2460"]
[PlyCount "69"]
[EventDate "1999.??.??"]
[EventType "corr"]
[Source "Chess Mail Ltd"]
[SourceDate "2005.07.27"]

1. c4 Nf6 2. Nc3 g6 3. d4 Bg7 4. Nf3 O-O 5. e4 d6 6. Be2 e5 7. O-O Nc6 8. Be3
Ng4 9. Bg5 f6 10. Bh4 g5 11. d5 Nd4 12. Nxd4 exd4 13. Nb5 Nxh2 14. Kxh2 gxh4
15. Bg4 f5 16. exf5 d3 17. Qxd3 Bxb2 18. Rae1 Be5+ 19. Kh1 a6 20. Nd4 Bxd4 21.
Qxd4 Bxf5 22. Re4 h5 23. Bxf5 Rxf5 24. Rxh4 Qg5 25. Rh3 Raf8 26. Qd3 Qf6 27.
Qe2 Re5 28. Qd1 Qf7 29. Qb1 b6 30. Rg3+ Kh8 31. Rf3 Qg7 32. Rxf8+ Qxf8 33. f4
Rf5 34. Re1 Qf7 35. Re7 1/2-1/2

[Event "13MCR_F"]
[Site "?"]
[Date "1999.??.??"]
[Round "?"]
[White "Vinklarek, Vlastimil"]
[Black "Kostal, Jindrich"]
[Result "1/2-1/2"]
[WhiteElo "2225"]
[BlackElo "2280"]
[PlyCount "100"]
[EventDate "1999.??.??"]
[EventType "corr"]
[Source "Chess Mail Ltd"]
[SourceDate "2005.07.27"]

1. d4 Nf6 2. c4 g6 3. Nc3 Bg7 4. e4 d6 5. Nf3 O-O 6. Be2 e5 7. O-O Nc6 8. Be3
Re8 9. d5 Nd4 10. Nxd4 exd4 11. Bxd4 Nxe4 12. Bxg7 Kxg7 13. Nxe4 Rxe4 14. Qc2
Re8 15. Qc3+ Kg8 16. Rfe1 Bf5 17. Bf3 Qd7 18. b4 Rxe1+ 19. Rxe1 Re8 20. Rxe8+
Qxe8 21. g4 Bb1 22. a3 Qe7 23. h3 g5 24. c5 b6 25. cxb6 cxb6 26. Kf1 f6 27. Kg1
Kf7 28. Kf1 Kg7 29. Kg2 Kg6 30. Qc1 Be4 31. Qc4 f5 32. Qd4 b5 33. Kg3 Bxf3 34.
Kxf3 Qf6 35. Qd3 a6 36. Kg2 Qe5 37. gxf5+ Qxf5 38. Qd4 h6 39. Kg3 h5 40. Kg2
Qf4 41. Qb6 g4 42. h4 Qf3+ 43. Kg1 Qd1+ 44. Kh2 Qxd5 45. Qxa6 Kf5 46. a4 bxa4
47. Qxa4 Qe5+ 48. Kg2 Qe4+ 49. Kg1 d5 50. Qd7+ Kg6 1/2-1/2

[Event "13MCR_F"]
[Site "?"]
[Date "1999.??.??"]
[Round "?"]
[White "Hlavacek, Robert"]
[Black "Boukal, Petr"]
[Result "0-1"]
[WhiteElo "2250"]
[BlackElo "2460"]
[PlyCount "66"]
[EventDate "1999.??.??"]
[EventType "corr"]

1. d4 Nf6 2. c4 g6 3. Nc3 Bg7 4. e4 d6 5. f3 O-O 6. Bg5 c5 7. d5 e6 8. Qd2 exd5
9. cxd5 Re8 10. Nge2 a6 11. a4 Nbd7 12. Ng3 h5 13. Be2 Qc7 14. O-O Rb8 15. Be3
Nh7 16. Nh1 Ne5 17. Nf2 f5 18. Rfc1 Qa5 19. Qc2 Bd7 20. Bd2 Qd8 21. a5 Nf6 22.
Qb3 b5 23. axb6 Rxb6 24. Qc2 fxe4 25. Nfxe4 Nxe4 26. Nxe4 Rxb2 27. Qd1 Ng4 28.
Bg5 Qxg5 29. Nxg5 Rexe2 30. Qxe2 Rxe2 31. fxg4 Bd4+ 32. Kh1 Bb5 33. Rab1 Be3
0-1

[Event "13MCR_F"]
[Site "?"]
[Date "1999.??.??"]
[Round "1"]
[White "Alexa, Jaroslav"]
[Black "Boukal, Petr"]
[Result "0-1"]
[WhiteElo "2360"]
[BlackElo "2460"]
[PlyCount "102"]
[EventDate "1999.??.??"]
[EventType "corr"]

1. d4 Nf6 2. Nf3 g6 3. Bg5 Bg7 4. Nbd2 O-O 5. c3 d6 6. e4 c5 7. dxc5 dxc5 8.
Bc4 Nc6 9. Qe2 Qc7 10. O-O h6 11. Bh4 Nh5 12. Rfe1 Na5 13. Bd3 Nf4 14. Qe3 Nxd3
15. Qxd3 Be6 16. Qc2 Nc6 17. Bg3 Qa5 18. a3 Qb5 19. Bf4 Rfd8 20. Rad1 Rd7 21.
a4 Qd3 22. Rc1 Rad8 23. h3 b6 24. b3 Qxc2 25. Rxc2 f5 26. exf5 Bxf5 27. Ne4 g5
28. Bg3 Rd1 29. Rce2 Bxe4 30. Rxe4 Bxc3 31. Rxd1 Rxd1+ 32. Kh2 Kf7 33. h4 Bf6
34. hxg5 hxg5 35. Kh3 Rb1 36. Re3 Na5 37. Kg4 Nxb3 38. Nxg5+ Bxg5 39. Kxg5 Nd4
40. Ra3 Rg1 41. Kf4 Rxg2 42. Ra1 Ne2+ 43. Kf3 Rg1 44. Rxg1 Nxg1+ 45. Ke4 Ne2
46. Be5 Ke6 47. f4 Nd4 48. Bb8 Nc6 49. f5+ Kf6 50. Bg3 e6 51. Bh4+ Kf7 0-1

[Event "13MCR_F"]
[Site "?"]
[Date "1999.??.??"]
[Round "2"]
[White "Alexa, Jaroslav"]
[Black "Sykora, Josef"]
[Result "1-0"]
[WhiteElo "2360"]
[BlackElo "2335"]
[PlyCount "59"]
[EventDate "1999.??.??"]
[EventType "corr"]

1. d4 d5 2. c4 c6 3. Nf3 Nf6 4. Nc3 dxc4 5. a4 Bf5 6. e3 e6 7. Bxc4 Bb4 8. O-O
Nbd7 9. Qb3 a5 10. Na2 Be7 11. Nh4 Bg6 12. g3 Qc7 13. Nc3 Bb4 14. Nxg6 hxg6 15.
Rd1 O-O-O 16. Bf1 Rh5 17. Bg2 Rdh8 18. h3 Qd8 19. Bd2 Qg8 20. Ne2 Bxd2 21. Rxd2
g5 22. Kf1 g4 23. h4 g5 24. Rc1 gxh4 25. Bxc6 bxc6 26. Rxc6+ Kd8 27. Rdc2 Ne8
28. Qa3 Ndf6 29. Rd6+ Nd7 30. Ra6 1-0

[Event "13MCR_F"]
[Site "?"]
[Date "1999.??.??"]
[Round "3"]
[White "Alexa, Jaroslav"]
[Black "Kadlec, Antonin"]
[Result "1/2-1/2"]
[WhiteElo "2360"]
[BlackElo "2320"]
[PlyCount "38"]
[EventDate "1999.??.??"]
[EventType "corr"]

1. d4 Nf6 2. Nf3 e6 3. c4 b6 4. a3 Bb7 5. Nc3 d5 6. cxd5 Nxd5 7. Qc2 Be7 8. e4
Nxc3 9. bxc3 O-O 10. Bd3 c5 11. O-O Qc8 12. Qe2 Ba6 13. d5 exd5 14. exd5 Re8
15. Bxa6 Qxa6 16. Qxa6 Nxa6 17. c4 b5 18. cxb5 Nc7 19. a4 Bf6 1/2-1/2

[Event "13MCR_F"]
[Site "?"]
[Date "1999.??.??"]
[Round "4"]
[White "Alexa, Jaroslav"]
[Black "Jerabek, Petr"]
[Result "1/2-1/2"]
[WhiteElo "2360"]
[BlackElo "2280"]
[PlyCount "45"]
[EventDate "1999.??.??"]
[EventType "corr"]

1. d4 Nf6 2. Nf3 g6 3. c4 Bg7 4. Nc3 O-O 5. e4 d6 6. h3 c5 7. d5 e6 8. Bd3 exd5
9. exd5 Re8+ 10. Be3 Bh6 11. O-O Bxe3 12. fxe3 Nbd7 13. Qd2 Kg7 14. Rf2 Ng8 15.
Raf1 f6 16. e4 Ne5 17. Nxe5 Rxe5 18. a3 Bd7 19. Rf4 a6 20. Qf2 Rb8 21. a4 b6
22. b3 Qe7 23. Kh1 1/2-1/2